000 00361nam a2200157Ia 4500
003 Ost
005 20260225132557.0
008 260225s9999||||xx |||||||||||||| ||und||
040 _cfsic
041 _afre
082 _a440
100 _adominiq
_eAuteur
245 0 _ales régles de la communication publique locale /
245 0 _cdominiq
942 _cكتاب
999 _c34552
_d34552